000 00323nam a2200121Ia 4500
008 220216s9999 xx 000 0 und d
100 _aYogaratnam N
245 0 _aAddress safety and health-related issues in rubber sector
260 _bRubber Asia
_c2011
300 _a61-64,74
500 _aSource Year: 2011
942 _cJS
999 _c53802
_d53802